000 00720pam a2200229 a 4500
001 1089080
005 20180918073835.0
008 921030s1993 nyua b 001 0 eng
010 _a 92036145
020 _a0898628946
040 _aDLC
_cDLC
_dDLC
041 _aeng
080 _a177.3 LEW
082 0 0 _a177.3 LEW
_220
100 _a48
101 _aPSI
245 0 0 _aLying and deception in everyday life /
_cMichael Lewis, Carolyn Saarni, editors.
504 _aIncludes bibliographical references and index.
906 _a7
_bcbc
_corignew
_d1
_eocip
_f19
_gy-gencatlg
942 _2ddc
_cBK
999 _c47945
_d47945